000 00722nam a22002177a 4500
003 OSt
005 20230126141005.0
008 220916b |||||||| |||| 00| 0 eng d
020 _a84 89583 24 2
040 _cBiblioteca Lado V
082 _a709
_bL657j
100 _9651
_aLevenfeld, Rafael
_ecurador
245 _aJavier Vallhonrat/
_bObras 1995 - 2001/
260 _aMadrid
_bCultural Rioja
_c2001
300 _a110p.
_c29x23cm
650 _2Tesauro de Arte & Arquitectura
_aCATALOGO
650 _2Tesauro de Arte & Arquitectura
_aEXHIBICION
650 _2Tesauro de Arte & Arquitectura
_aARTE
650 _2Tesauro de Arte & Arquitectura
_aJAVIER VALLHONRAT
942 _2ddc
_c1
_h709
_iL657j
_n0
999 _c2925
_d2925